00497nam a2200193 a 4500001001300000003000900013005001700022008004100039020001000080082001500090100001700105245003900122260003900161300000900200500003500209505001000244650002300254650002600277nice12345678IN_TiNIC20260116011446.0050524s1916 lona grp 000 0 eng  ac10000a276.2bCHA aCharles, R H aChronicle of John, Bishop of Nikiu aLondonbWilliams and Norgatec1916 a216p aincludes index and biblioraphy2 aIndex aChristianity-Egypt aJohn, Bishop of Nikiu